| 000 | 00703nam a2200181 i 4500 | ||
|---|---|---|---|
| 001 | 164435 | ||
| 003 | ES-MaACL | ||
| 005 | 20230906212933.0 | ||
| 008 | 951113s1887 sp |||| | spa d | ||
| 040 |
_aAS _bspa _cCCPB | SIC |
||
| 100 | 1 |
_aSales Ferré, Manuel. _9101880 |
|
| 245 | 1 | 0 |
_aCivilización europea _b: consideraciones acerca de su presente, su pasado y su porvenir / _cdiscurso leído en el Ateneo y Sociedad de Excursiones por Manuel Sales y Ferré. |
| 260 |
_aSevilla : _b[s.n.], _c1887 ( _fImp. y Lit. de José María Ariza) |
||
| 300 |
_a76 p. ; _c22 cm. |
||
| 651 | 4 |
_aEuropa- _xCivilización. _98584 |
|
| 710 | 2 |
_aAteneo de Sevilla. _92028 |
|
| 852 |
_aES-MaACL _jG-10627 _z- Enc. tela |
||
| 999 |
_c164435 _d164435 |
||